BTS songs: No vowels - Statistics

General Stats
  • This quiz has been taken 336 times
  • The average score is 11 of 15
Answer Stats
Hint Answer % Correct
mcdrp Mic Drop
98%
bttrfly Butterfly
95%
dngr Danger
93%
bynlv Boy in luv
87%
mkrksms Mikrokosmos
84%
ttcknbngtn Attack on Bangtan
83%
snglrty Singularity
83%
jstdnc Just Dance
82%
dnyss Dionysus
77%
npnmn Anpanman
75%
cnvrshgh Converse High
70%
svm Save me
70%
mynvrs My universe
62%
lk Like
50%
nd I need u
26%
No matching quizzes found
Score Distribution
Percent of People with Each Score
Percentile by Number Answered
Your Score History
You have not taken this quiz